Streams of mercy #3 / Lauraine Snelling.
Available copies
- 1 of 1 copy available at LARL/NWRL Consortium. (Show)
- 1 of 1 copy available at Northwest Regional Library.
Current holds
0 current holds with 1 total copy.
View other formats and editions
Show Only Available Copies
| Location | Call Number / Copy Notes | Barcode | Shelving Location | Status | Due Date |
|---|---|---|---|---|---|
| Karlstad LINK Site | lp SNE (Text) | 35500005701741 | Main | Available | - |
Record details
- ISBN: 9780764217319
- ISBN: 0764217313
- Physical Description: 494 pages (large print) : genealogical tables ; 22 ... Read More
- Edition: Large print edition
- Publisher: Bloomington, Minnesota : Bethany House Publishers, [2015]
- Copyright: ©2015
Content descriptions
| Summary, etc.: | "A recent widow from Norway settles with her ... Read More |
Search for related items by subject
| Genre: | Christian fiction. Romance fiction. Large type books. Fiction. |
Search for related items by series
| LDR | 02048cam a2200493Ii 4500 | ||
|---|---|---|---|
| 001 | 192581 | ||
| 003 | LARL_NWRL_CONSORTIUM | ||
| 005 | 20170215182338.0 | ||
| 008 | 150307s2015 mnuj d 000 1 eng d | ||
| 020 | . | ‡a9780764217319 ‡q(large-print : softcover) | |
| 020 | . | ‡a0764217313 ‡q(large-print : softcover) | |
| 035 | . | ‡a(OCoLC)907159474 | |
| 049 | . | ‡aNRGE | |
| 082 | 0 | 4. | ‡a813/.6 ‡223 |
| 100 | 1 | . | ‡aSnelling, Lauraine, ‡eauthor. ‡0(LARL_NWRL_CONSORTIUM)92303 |
| 245 | 1 | 0. | ‡aStreams of mercy ‡n#3 / ‡cLauraine Snelling. |
| 250 | . | ‡aLarge print edition | |
| 264 | 1. | ‡aBloomington, Minnesota : ‡bBethany House Publishers, ‡c[2015] | |
| 264 | 4. | ‡c©2015 | |
| 300 | . | ‡a494 pages (large print) : ‡bgenealogical tables ; ‡c22 cm. | |
| 336 | . | ‡atext ‡btxt ‡2rdacontent | |
| 337 | . | ‡aunmediated ‡bn ‡2rdamedia | |
| 338 | . | ‡avolume ‡bnc ‡2rdacarrier | |
| 340 | . | ‡nlarge print. ‡2rda | |
| 490 | 0 | . | ‡aSong of Blessing ; ‡v3 |
| 520 | . | ‡a"A recent widow from Norway settles with her children in the early 1900s community of Blessing, North Dakota, where her growing friendships with two men in the community bring her to a challenging choice"-- ‡cProvided by publisher. | |
| 650 | 0. | ‡aWidows ‡vFiction. ‡0(LARL_NWRL_CONSORTIUM)167902 | |
| 650 | 0. | ‡aMate selection ‡vFiction. ‡0(LARL_NWRL_CONSORTIUM)166016 | |
| 650 | 0. | ‡aMan-woman relationships ‡vFiction. ‡0(LARL_NWRL_CONSORTIUM)165985 | |
| 650 | 0. | ‡aTriangles (Interpersonal relations) ‡vFiction. ‡0(LARL_NWRL_CONSORTIUM)167628 | |
| 650 | 7. | ‡aMan-woman relationships. ‡2fast ‡0(LARL_NWRL_CONSORTIUM)38460 | |
| 650 | 7. | ‡2fast ‡aMate selection ‡0(LARL_NWRL_CONSORTIUM)25262 | |
| 650 | 7. | ‡aTriangles (Interpersonal relations) ‡2fast ‡0(LARL_NWRL_CONSORTIUM)40949 | |
| 650 | 7. | ‡2fast ‡aWidows ‡0(LARL_NWRL_CONSORTIUM)34420 | |
| 655 | 7. | ‡aChristian fiction. ‡2gsafd | |
| 655 | 7. | ‡aRomance fiction. ‡2lcgft | |
| 655 | 0. | ‡aLarge type books. | |
| 655 | 7. | ‡aFiction. ‡2fast | |
| 901 | . | ‡a192581 ‡bOCLC ‡c192581 ‡tbiblio | |

Add to basket
Permalink
Enable Highlighting